Kathaka : (Record no. 33573)

MARC details
000 -LEADER
fixed length control field 01076nam a22002895a 4500
005 - DATE AND TIME OF LATEST TRANSACTION
control field 20080522115808.0
008 - FIXED-LENGTH DATA ELEMENTS--GENERAL INFORMATION
fixed length control field 080520s2008 nyu 000 0 eng
010 ## - LCCN (DPL NO)
LC control number ENG-95811
020 ## - INTERNATIONAL STANDARD BOOK NUMBER
International Standard Book Number 9788124604731
Terms of availability 1400.00
020 ## - INTERNATIONAL STANDARD BOOK NUMBER
International Standard Book Number 8124604738
Terms of availability 1400.00
035 ## - SYSTEM CONTROL NUMBER
System control number EN-79344
037 ## - SOURCE OF ACQUISITION
Source of stock number/acquisition DBAD/PUB
040 ## - CATALOGING SOURCE
Original cataloging agency DPL
082 ## - DEWEY DECIMAL CLASSIFICATION NUMBER
Classification number 793.31954
100 ## - MAIN ENTRY--PERSONAL NAME
Personal name Srivastava, Ranjana
Dates associated with a name 1948-
245 ## - TITLE STATEMENT
Title Kathaka :
Statement of responsibility, etc by Ranjana Srivastava
Remainder of title the tradition /
250 ## - EDITION STATEMENT
Edition statement .
260 ## - PUBLICATION, DISTRIBUTION, ETC. (IMPRINT)
Place of publication, distribution, etc New Delhi
Name of publisher, distributor, etc D.K. Printworld (P) Ltd.
Date of publication, distribution, etc 2009
270 ## - ADDRESS
Address 'Sri Kunj' F-52, Bali Nagar
City New Delhi
Postal code 110015
300 ## - PHYSICAL DESCRIPTION
Extent xx,268p.
Other physical details col. & b/w photos
Dimensions 24cm, (Hb)
490 ## - SERIES STATEMENT
Series statement New vistas in Indian performing arts;
Volume number/sequential designation no. 9
500 ## - GENERAL NOTE
General note Includes bibliographical references and index
650 ## - SUBJECT ADDED ENTRY--TOPICAL TERM
Topical term or geographic name as entry element Kathaka (Dance)
General subdivision History
942 ## - ADDED ENTRY ELEMENTS (KOHA)
Source of classification or shelving scheme Dewey Decimal Classification
Item type English Books
Call number suffix SRI
Classification part 793.31954
Holdings
Withdrawn status Lost status Source of classification or shelving scheme Damaged status Not for loan Collection code Home library Current library Date acquired Source of acquisition Cost, normal purchase price Total Checkouts Full call number Barcode Date last seen Copy number Cost, replacement price Koha item type
    Dewey Decimal Classification   Not For Loan Non-fiction D.B.Act.Division D.B.Act.Division 01/01/2010 DBAD/PUB 1400.00   793.31954 SRI EN-79344 09/01/2010 1 1400.00 English Books

© Delhi Public Library
Hit Counter
free hit counter